| 000 | 00906nas a2200253Ia 4500 | ||
|---|---|---|---|
| 001 | R142/77668 | ||
| 003 | IT-RoPAU | ||
| 008 | 151124c99999999xx |||||||||||| ||und|| | ||
| 040 | _aIT-RoPAU | ||
| 040 | _cIT-RoPAU | ||
| 041 | _aFRANCESE | ||
| 100 |
_aWilliams Raymond _gCodice Aut. SPICS: 449 |
||
| 210 | _aRESEAUX | ||
| 222 | _aReseaux | ||
| 245 |
_aRESEAUX, N.042 (LUGLIO/AGOSTO 1990) _bPublicite': Le Systeme Magique |
||
| 250 | _a1a ed. | ||
| 260 |
_aPARIS _bCNET _c1990 |
||
| 501 |
_bPaulus - SPICS - Società San Paolo EM (non-commercial uses only) _cCopyright2015 |
||
| 300 | _a23 p. [73-95] | ||
| 362 | _aN.042 (LUGLIO/AGOSTO 1990) | ||
| 500 | _aPubblicità: Sistema Magico. Storia, Sviluppo e Trasformazione della Pubblicità. Pubblicità al Potere. Pubbliche Relazioni. Consumatori. Pubblicità e Comunicazioni. | ||
| 650 |
_aCOMUNICAZIONE _vPUBBLICAZIONE PERIODICA |
||
| 942 | _cCR | ||
| 999 |
_c190905 _d190905 |
||